| 000 | 00407nam a2200169Ia 4500 | ||
|---|---|---|---|
| 008 | 221030s9999 xx 000 0 und d | ||
| 020 | _a8122416896 | ||
| 041 | _aEnglish | ||
| 082 | _a105.23 | ||
| 100 | _aD. Datta | ||
| 245 | 0 | _aTextbook of Engineering Mathematics | |
| 250 | _a2nd | ||
| 260 |
_bNew Age International Pub. _aNew Delhi _c2006 |
||
| 300 | _a926 | ||
| 650 | _aBB Mathematics | ||
| 942 | _cBK | ||
| 999 |
_c4295 _d4295 |
||